History Quiz

Random History or Famous Quiz

Quick Pick: Famous Israelis Quiz Stats

 Plays Quiz not verified by Sporcle

Challenge
Share
Tweet
Embed
Score 0/10 Timer 01:00
0 Plays Today
% Correct
Golda Meir
95.7%
Solomon
93.6%
Natalie Portman
91.8%
Gene Simmons
90.5%
Yitzhak Rabin
86.7%
John The Baptist
86.1%
Uri Geller
85.3%
David Ben-Gurion
85.2%
Immanuel Velikovsky
71.3%
Bar Refaeli
71%

You're not logged in!

Compare scores with friends on all Sporcle quizzes.
OR
Log In

You Might Also Like...

Show Comments

Extras

Top Quizzes Today


Score Distribution

Your Account Isn't Verified!

In order to create a playlist on Sporcle, you need to verify the email address you used during registration. Go to your Sporcle Settings to finish the process.

Report this User

Report this user for behavior that violates our Community Guidelines.

Details: